Statistics for TV channel logo quiz #2

Click here to take the quiz!

General Stats

  • This quiz has been taken 178 times
  • The average score is 9 of 15

Answer Stats

Answer% Correct
ABC
92%
ESPN
75%
HBO
75%
CBS
71%
Discovery
71%
AMC
61%
National Geographic
61%
Sky News
57%
The Weather Channel
56%
Showtime
52%
Comedy Central
51%
FOX Sports
48%
MSNBC
45%
VH1
45%
Al Jazeera
32%

Score Distribution

Percentile by Number Answered

Percent of People with Each Score

Your Score History

You have not taken this quiz